| 000 | 00536cam a22002171 4500 | ||
|---|---|---|---|
| 001 | af 48004818 | ||
| 003 | DLC | ||
| 005 | 20260227110910.0 | ||
| 008 | 780918s1947 gw 000 0 ger c | ||
| 010 | _aaf 48004818 | ||
| 035 | _a(OCoLC)4232647 | ||
| 040 |
_aYale Univ. Library _cTNJ _dDLC |
||
| 042 | _apremarc | ||
| 050 | 0 | 0 |
_aPT2643.S5 _bG5 |
| 082 | _a831.91 | ||
| 100 | 1 |
_aUsinger, Fritz, _d1895- |
|
| 245 | 1 | 4 | _aDas Glück. |
| 260 |
_a[Darmstadt] _bDarmstädter Verlag, _c1947. |
||
| 300 |
_a108 p. _c22 cm. |
||
| 500 | _aPoems. | ||
| 999 |
_c6225 _d6225 |
||